000 006900000a22001930004500
090 _aSeriadas
245 1 0 _aCriterios para definir un plan de manejo que lleve a un desarrollo sostenible del ecoturismo en el Santuario de Fauna y Flora de Iguaque (Boyacá- Colombia)
260 _c2005
044 _aColombia
041 0 _aEspañol
690 _aEcoturismo
_992485
690 _aDesarrollo sostenible
_9278
690 _aAreas protegidas
_978
651 4 _dBoyacá
_lLaguna de Iguaque
_992749
700 1 _aPuertas Dellepianes, Ernesto
_9100590
100 1 _aGutierrez Fernández, Luis Fernando
_9100591
942 _cARTICULO
773 1 _tAmbiente y desarrollo
_h15/16
_q99-117
_d2004/2005
999 _c16319
_d16319